[Event "Eastern Idaho Open (Open)"]
[Site "Pocatello, ID"]
[Date "2011.09.24"]
[Round "2.2"]
[White "McLaughlin, Edward J"]
[Black "Roland, Jeffrey T"]
[Result "1/2-1/2"]
[WhiteElo "1758"]
[BlackElo "1741"]

1. d4 Nf6 2. Nf3 d5 3. Bg5 e6 4. Ne5 Be7 5. e3 h6 6. Bh4 Ne4 7. Bxe7 Qxe7 8.
Bd3 Nd7 9. O-O Nxe5 10. dxe5 O-O 11. c3 f5 12. Nd2 Nxd2 {#d} 1/2-1/2

[Event "Eastern Idaho Open (Open)"]
[Site "Pocatello, ID"]
[Date "2011.09.24"]
[Round "3.2"]
[White "Roland, Jeffrey T"]
[Black "Barney, Kim"]
[Result "1-0"]
[WhiteElo "1741"]
[BlackElo "1666"]

1. d4 Nf6 2. c4 g6 3. g3 Bg7 4. Bg2 d5 5. cxd5 Nxd5 6. e4 Nb6 7. Ne2 c5 8. d5
O-O 9. O-O Qd6 10. Nbc3 a6 11. f4 Bg4 12. e5 Qd7 13. Be3 Qc8 14. Rc1 Nc4 15.
Bf2 Nxb2 16. Qc2 Nc4 17. Ne4 b5 18. Bxc5 Re8 19. d6 Nd7 20. Bf2 Bf5 21. Nd4
Nf8 22. Qe2 Bh3 23. dxe7 Rxe7 24. Nd6 Bg4 25. Nxc8 Bxe2 26. Nxe7+ {#r} 1-0

[Event "Eastern Idaho Open (Open)"]
[Site "Pocatello, ID"]
[Date "2011.09.24"]
[Round "4.1"]
[White "Roland, Jeffrey T"]
[Black "Kircher, Caleb Paul"]
[Result "1/2-1/2"]
[WhiteElo "1741"]
[BlackElo "1765"]

1. d4 d5 2. c4 c6 3. Nf3 Nf6 4. Nc3 e6 5. e3 Nbd7 6. Bd3 a6 7. c5 b6 8. cxb6
Qxb6 9. O-O Bd6 10. Qc2 O-O 11. e4 e5 12. dxe5 Nxe5 13. Nxe5 Bxe5 14. exd5
cxd5 15. Bg5 Kh8 16. Bxf6 Bxf6 17. Nxd5 {#d} 1/2-1/2

[Event "SIO (Open)"]
[Site "Twin Falls, ID"]
[Date "2011.11.12"]
[Round "1.3"]
[White "Roland, Jeffrey T"]
[Black "Bruck, Nick Jon"]
[Result "1-0"]
[WhiteElo "1723"]
[BlackElo "1340"]

1. d4 d5 2. c4 dxc4 3. e3 e6 4. Bxc4 c6 5. Nf3 Nf6 6. O-O Bd6 7. Nc3 O-O 8.
Bd3 Qc7 9. Bd2 Nbd7 10. Rc1 a6 11. a3 e5 12. d5 Nc5 13. Bb1 e4 14. Ne1 Bxh2+
15. Kh1 Be5 16. b4 Bg4 17. f3 exf3 18. gxf3 Bh3 19. Rf2 Bg3 20. Rg2 Bxg2+ 21.
Nxg2 Ncd7 22. f4 cxd5 23. Ne2 Qd6 24. Nxg3 Ne4 25. Bxe4 dxe4 26. Nxe4 Qh6+ 27.
Kg1 Nf6 28. Nxf6+ Qxf6 29. Bc3 Qd8 30. Qg4 f6 31. Rd1 Qc8 32. Qxc8 Raxc8 33.
Be1 Rc2 34. Rd7 Rb8 35. f5 Ra2 36. Nf4 Rxa3 37. Nd5 Kf8 38. Bg3 Rc8 39. Bd6+
Ke8 40. Rxg7 Ra2 41. Nxf6+ Kd8 42. Rd7# 1-0

[Event "SIO (Open)"]
[Site "Twin Falls, ID"]
[Date "2011.11.12"]
[Round "3.1"]
[White "Bartell, Fred"]
[Black "Roland, Jeffrey T"]
[Result "0-1"]
[WhiteElo "1606"]
[BlackElo "1723"]

1. c4 c5 2. Nc3 Nc6 3. Nf3 Nf6 4. b3 g6 5. Bb2 Bg7 6. e4 Nxe4 7. Qc2 Nxc3 8.
Bxc3 O-O 9. Bxg7 Kxg7 10. h4 e6 11. h5 h6 12. hxg6 fxg6 13. Qc3+ Qf6 14. O-O-O
d5 15. cxd5 exd5 16. Bd3 Nb4 17. Bb1 Be6 18. Ne5 d4 19. Qg3 Bf5 20. Qh2 Rh8
21. d3 Nd5 22. g4 Be6 23. Rdf1 Qf4+ 24. Qxf4 Nxf4 25. Kd2 Rae8 26. Re1 Ng2 27.
Re2 Bd5 28. f3 Ne3 29. Nc4 Bxf3 30. Rxe3 dxe3+ 31. Nxe3 Bxh1 32. Nc4 Bf3 33.
g5 hxg5 34. Kc3 g4 35. Nd2 Bd5 36. d4 Rh3+ {#R} 0-1

[Event "SIO (Open)"]
[Site "Twin Falls, ID"]
[Date "2011.11.12"]
[Round "4.1"]
[White "Roland, Jeffrey T"]
[Black "Kircher, Caleb Paul"]
[Result "0-1"]
[WhiteElo "1723"]
[BlackElo "1781"]

1. d4 Nf6 2. Nf3 d5 3. c4 c6 4. Nc3 e6 5. Bf4 Bb4 6. a3 Bxc3+ 7. bxc3 Ne4 8.
Qc2 Qa5 9. Bd2 O-O 10. e3 Nd7 11. cxd5 exd5 12. c4 Nxd2 13. Nxd2 Nf6 14. Bd3
dxc4 15. Bxc4 Qg5 16. Ne4 Nxe4 17. Qxe4 Qa5+ 18. Ke2 Bf5 19. Qf4 Bg6 20. f3
Qa4 21. Rhc1 b5 22. Bd3 Bxd3+ 23. Kxd3 b4 24. axb4 Qb3+ 25. Ke2 Qxb4 26. Rab1
Qa5 27. Ra1 Qb5+ 28. Kf2 Qb2+ 29. Kg1 Rfe8 30. Rab1 Qa3 31. Ra1 Qxe3+ 32. Qxe3
Rxe3 33. Rxc6 g6 34. Kf2 Rd3 35. Rca6 Rb8 36. R1a2 Rxd4 37. Rxa7 Kg7 38. Ke3
Rh4 39. g3 Rb3+ 40. Kd2 Rxh2+ 41. Kc1 Rxa2 42. Rxa2 Rxf3 43. Rg2 Kf6 {#R} 0-1

[Event "Winter Warmup Invitational"]
[Site "Meridian, ID"]
[Date "2012.01.21"]
[Round "4.5"]
[White "Roland, Jeffrey T"]
[Black "Myers, Hugh S"]
[Result "1-0"]
[WhiteElo "1725"]
[BlackElo "1539"]

1. d4 f5 2. g3 Nf6 3. Bg2 e6 4. c4 Be7 5. Nf3 O-O 6. O-O d6 7. Nc3 c6 8. Re1
Nbd7 9. e4 fxe4 10. Nxe4 Nxe4 11. Rxe4 Nf6 12. Re1 b6 13. Ng5 Qc7 14. Nxe6
Bxe6 15. Rxe6 Rae8 16. Bf4 Qd7 17. Re1 d5 18. Qb3 Bd6 19. Be3 Qf5 20. Rac1 h5
21. Qc2 Qd7 22. Qg6 h4 23. gxh4 Ne4 24. c5 Rf6 25. Qh5 Bb8 26. f3 Qc7 27.
Qxe8+ Kh7 28. Qe5 Qd8 29. Qh5+ {#r} 1-0

[Event "Idaho Closed"]
[Site "Boise, ID"]
[Date "2012.02.18"]
[Round "2.9"]
[White "Patterson, Kevin R"]
[Black "Roland, Jeffrey T"]
[Result "0-1"]
[WhiteElo "1172"]
[BlackElo "1725"]

1. e4 e5 2. Nf3 Nc6 3. Bc4 Bc5 4. c3 Nf6 5. d4 exd4 6. cxd4 Bb4+ 7. Nc3 Nxe4
8. Qd3 d5 9. Bb3 O-O 10. O-O Bxc3 11. bxc3 Re8 12. Qb5 Nxc3 13. Qd3 Ne2+ 14.
Kh1 g6 15. Be3 Bg4 16. Rae1 Bxf3 17. gxf3 Qf6 18. Rxe2 Qxf3+ 19. Kg1 Re4 {#R}
0-1

[Event "Idaho Closed"]
[Site "Boise, ID"]
[Date "2012.02.19"]
[Round "4.4"]
[White "Roland, Jeffrey T"]
[Black "Stewart, Timothy"]
[Result "0-1"]
[WhiteElo "1725"]
[BlackElo "1901"]

1. d4 d5 2. Nf3 c6 3. g3 Nf6 4. Bg2 Nbd7 5. O-O e6 6. Re1 Bd6 7. Nbd2 Qc7 8.
c4 c5 9. cxd5 Nxd5 10. Nc4 O-O 11. Nxd6 Qxd6 12. e4 Nb4 13. Bf4 Qa6 14. a3 Nd3
15. Bf1 c4 16. Bxd3 cxd3 17. Rc1 b6 18. Rc7 Nf6 19. Bd6 Rd8 20. Bb4 Bb7 21.
Ne5 Rxd4 22. Rxf7 Qb5 23. Nf3 Rxb4 24. Rxb7 Rxe4 25. b4 Rxe1+ 26. Nxe1 Qc6
{#R} 0-1

[Event "Idaho Closed"]
[Site "Boise, ID"]
[Date "2012.02.20"]
[Round "6.5"]
[White "Olsoy, Peter John"]
[Black "Roland, Jeffrey T"]
[Result "1/2-1/2"]
[WhiteElo "1313"]
[BlackElo "1725"]

1. d4 d5 2. c4 e6 3. Nc3 Be7 4. cxd5 exd5 5. Nf3 Nf6 6. Bg5 h6 7. Bh4 O-O 8.
e3 c6 9. Bd3 Be6 10. O-O Nbd7 11. a3 Rc8 {#d} 1/2-1/2

[Event "ICU MVCC Ch (Champ)"]
[Site "Twin Falls, ID"]
[Date "2012.03.24"]
[Round "2.3"]
[White "Roland, Jeffrey T"]
[Black "Bartell, Fred"]
[Result "0-1"]
[WhiteElo "1700"]
[BlackElo "1777"]

1. d4 d5 2. c4 dxc4 3. e3 Nf6 4. Bxc4 Nc6 5. Nf3 Bg4 6. Nc3 e6 7. O-O Bd6 8.
Be2 Bf5 9. Bd2 O-O 10. Rc1 Ne4 11. a3 a6 12. Be1 Ne7 13. Nxe4 Bxe4 14. Nd2 Bg6
15. e4 e5 16. d5 c6 17. dxc6 Nxc6 18. Nc4 Bc7 19. f3 Qe7 20. Bf2 Rfd8 21. Qc2
Nd4 22. Bxd4 Rxd4 23. Kh1 h6 24. Ne3 Bd8 25. Nf5 Bxf5 26. exf5 Qg5 27. Rfd1
Rh4 28. Kg1 Bb6+ {#R} 0-1

[Event "ICU MVCC Ch (Champ)"]
[Site "Twin Falls, ID"]
[Date "2012.03.24"]
[Round "4.5"]
[White "Bruck, Nick Jon"]
[Black "Roland, Jeffrey T"]
[Result "0-1"]
[WhiteElo "1454"]
[BlackElo "1700"]

1. e4 e6 2. Nf3 d5 3. exd5 exd5 4. d4 Nf6 5. Nc3 Bd6 6. Be2 O-O 7. O-O Re8 8.
Bg5 Bg4 9. Nxd5 Bxh2+ 10. Kxh2 Qxd5 11. Bxf6 gxf6 12. Re1 Nc6 13. c4 Qd6+ 14.
Kg1 Bxf3 15. Bxf3 Nxd4 16. Rxe8+ Rxe8 17. Rc1 Qf4 18. Bh5 Kf8 19. Rc3 Re5 20.
g3 Rg5 21. Rd3 c5 22. Kf1 Qe4 23. Bf3 Nxf3 24. Qxf3 Qxc4 25. Kg2 Kg7 26. b3
Qe6 27. Qxb7 Rh5 28. Rd7 Qh3+ 29. Kf3 Rf5+ 30. Ke3 Re5+ 31. Kd3 Qf1+ 32. Kc3
Qc1+ 33. Kd3 c4+ 34. bxc4 Qd1+ 35. Kc3 Qc1+ 36. Kb4 Qb2+ 37. Ka4 Qxa2+ 38. Kb4
Qb2+ 39. Ka4 Qc2+ 40. Kb4 a5+ 41. Ka3 Qxc4 42. Rxf7+ Qxf7 43. Qxf7+ Kxf7 44.
Ka4 Ke7 45. f4 Rd5 46. Ka3 Kd6 47. g4 Kc6 48. Ka4 Kb6 49. g5 fxg5 50. fxg5
Rxg5 51. Ka3 Kb5 52. Kb3 a4+ 53. Ka3 Rg3+ 54. Ka2 Kb4 55. Kb2 a3+ 56. Ka2 Rg2+
57. Ka1 Kb3 58. Kb1 Rg1# 0-1

[Event "Idaho Open (Open)"]
[Site "Pocatello, ID"]
[Date "2012.04.21"]
[Round "1.4"]
[White "Puderbaugh, Kory"]
[Black "Roland, Jeffrey T"]
[Result "0-1"]
[WhiteElo "1288"]
[BlackElo "1700"]

1. e4 e6 2. d4 d5 3. exd5 exd5 4. Nf3 Nf6 5. Be2 c5 6. c3 Nc6 7. O-O cxd4 8.
cxd4 Qb6 9. b3 Ne4 10. Bb2 Bd6 11. Nbd2 O-O 12. Bd3 f5 13. Re1 Bd7 14. Rc1 Bf4
15. h4 Nxd2 16. Nxd2 Nxd4 17. Nf3 Nxf3+ 18. Qxf3 Bxc1 19. Bxg7 Rf7 20. Ba1 Bh6
21. Qxd5 Qg6 22. h5 Qxh5 23. Qxb7 Re8 24. Rxe8+ Bxe8 25. Qf3 Rc7 26. Qd5+ Qf7
27. Bc4 Qxd5 28. Bxd5+ Rf7 29. f3 Kf8 30. Bb2 Be3+ 31. Kf1 Bb5+ 32. Ke1 Re7
33. Ba3 Bc5+ 34. Kd1 Bxa3 35. Kc2 {#R} 0-1

[Event "Idaho Open (Open)"]
[Site "Pocatello, ID"]
[Date "2012.04.22"]
[Round "4.3"]
[White "Roland, Jeffrey T"]
[Black "Bartell, Fred"]
[Result "1/2-1/2"]
[WhiteElo "1700"]
[BlackElo "1682"]

1. d4 d5 2. c4 Nf6 3. cxd5 Nxd5 4. e4 Nb6 5. Nf3 Bg4 6. Be2 e6 7. O-O N8d7 8.
Nc3 c5 9. Be3 cxd4 10. Nxd4 Bxe2 11. Qxe2 Be7 12. f4 O-O 13. Rfd1 Rc8 14. Ndb5
a6 15. Nd4 Nc4 16. Bc1 Qb6 17. Kh1 Rfd8 18. b3 Bb4 19. Na4 Qa5 20. Nf3 Na3 21.
Bxa3 Bxa3 22. Nb2 b5 23. Nd3 Be7 24. Rac1 h6 25. g4 b4 26. Nde5 Nxe5 27. Rxd8+
Qxd8 28. Rxc8 Qxc8 29. Nxe5 Qc1+ 30. Kg2 Qxf4 31. Nc6 Bh4 32. Nxb4 a5 33. Nc6
Qc7 34. Qb5 Be1 35. Qb8+ Qxb8 36. Nxb8 Kf8 37. Kf1 Bc3 38. Ke2 Ke8 39. h3 Kd8
40. Kd3 Be1 41. Kc4 Kc7 42. Na6+ Kc6 43. Nc5 Bb4 44. Nd3 Bd6 45. a3 f6 46. b4
axb4 47. Nxb4+ Kb6 48. Nc2 Bc5 49. a4 Bd6 50. Nd4 f5 51. gxf5 exf5 52. exf5
Be5 53. Kd5 Bf6 54. Ne6 Ka5 55. Nxg7 Bxg7 56. Ke6 Kxa4 57. f6 Bf8 58. Kf7 Bc5
59. Kg6 Bf8 60. h4 Kb5 61. h5 Kc6 62. Kf7 Bc5 63. Kg8 Kd7 64. Kg7 Ke6 65. Kxh6
{#d} 1/2-1/2

[Event "Idaho Open (Open)"]
[Site "Pocatello, ID"]
[Date "2012.04.22"]
[Round "5.1"]
[White "Roland, Jeffrey T"]
[Black "Belanoff, Ted"]
[Result "0-1"]
[WhiteElo "1700"]
[BlackElo "2139"]

1. d4 d5 2. Nf3 Nf6 3. c4 c6 4. Nc3 dxc4 5. a4 Bf5 6. Ne5 e6 7. g3 Bb4 8. Nxc4
Bxc3+ 9. bxc3 Qd5 10. Rg1 Qxc4 11. e4 Qxc3+ {#R} 0-1

[Event "MH Spring Tourny"]
[Site "Mountain Home, ID"]
[Date "2012.04.28"]
[Round "1.2"]
[White "Clark, Riley"]
[Black "Roland, Jeffrey T"]
[Result "0-1"]
[WhiteElo "1000"]
[BlackElo "1692"]

1. e4 e6 2. d3 d5 3. Nc3 d4 4. Nce2 c5 5. Nf3 Nc6 6. g3 e5 7. Bg2 Bg4 8. h3
Bxf3 9. Bxf3 Nf6 10. O-O Be7 11. c4 dxc3 12. bxc3 Qd7 13. Bb2 Qxh3 14. Bg2 Qd7
15. d4 cxd4 16. cxd4 Rd8 17. d5 Nb8 18. Bxe5 O-O 19. Rc1 Na6 20. d6 Bxd6 21.
Bxd6 Qxd6 22. Qxd6 Rxd6 23. f3 Rd2 24. Nf4 Rxa2 25. Bh3 g5 26. e5 gxf4 27.
exf6 fxg3 28. Rc8 Rxc8 29. Bxc8 Nc5 30. Re1 Kf8 31. Kf1 Rf2+ 32. Kg1 Rxf3 33.
Kg2 Rxf6 34. Kxg3 Rc6 35. Bf5 h6 36. Kg4 Rf6 37. Rf1 Kg7 38. Kh5 Ne4 39. Rf4
Rxf5+ 40. Rxf5 Ng3+ 41. Kg4 Nxf5 42. Kxf5 a5 43. Ke4 Kf6 44. Kd4 b6 45. Kc4 h5
46. Kb5 h4 47. Kxb6 a4 48. Kb5 {(Time Forfeit)} {#R} 0-1

[Event "MH Spring Tourny"]
[Site "Mountain Home, ID"]
[Date "2012.04.28"]
[Round "2.2"]
[White "Roland, Jeffrey T"]
[Black "Pentico, Christopher"]
[Result "1/2-1/2"]
[WhiteElo "1692"]
[BlackElo "1456"]

1. d4 Nf6 2. Nf3 g6 3. g3 Bg7 4. Bg2 O-O 5. O-O d6 6. c4 c5 7. e3 Na6 8. Nc3
Rb8 9. dxc5 Nxc5 10. Nd4 a6 11. b4 Ne6 12. Bb2 Nxd4 13. exd4 Bd7 14. Re1 Bg4
15. f3 Be6 16. d5 Bd7 17. Kh1 e6 18. Bh3 exd5 19. Bxd7 Qxd7 20. Nxd5 Nxd5 21.
Bxg7 Kxg7 22. Qxd5 Qc6 23. Rad1 Rfe8 24. Qd4+ Kg8 25. Qf4 Rxe1+ 26. Rxe1 Rc8
27. Re7 Rf8 28. Qe4 Qa4 29. c5 dxc5 30. bxc5 Qd1+ 31. Kg2 Qd2+ 32. Qe2 {#d}
1/2-1/2

[Event "MH Spring Tourny"]
[Site "Mountain Home, ID"]
[Date "2012.04.28"]
[Round "3.2"]
[White "Olsoy, Peter"]
[Black "Roland, Jeffrey T"]
[Result "1/2-1/2"]
[WhiteElo "1700"]
[BlackElo "1692"]

1. d4 d5 2. c4 e6 3. Nc3 Be7 4. Nf3 Nf6 5. Bg5 h6 6. Bh4 O-O 7. e3 b6 8. cxd5
Nxd5 9. Bxe7 Qxe7 10. Bc4 Bb7 11. Nxd5 exd5 12. Bb3 Nd7 13. O-O Rfe8 14. Rc1
Nf6 15. a3 c5 16. dxc5 bxc5 17. Qc2 Rac8 18. Qf5 Qe6 19. Qxe6 fxe6 20. Rfd1
Ba6 21. Ne5 Rb8 22. Ba4 Bb5 23. Bxb5 Rxb5 24. b4 c4 25. f3 a5 26. bxa5 Ra8 27.
Nc6 Ra6 28. Nb4 Raxa5 29. Rc3 Ra4 30. Kf2 Rba5 31. Nc2 Nd7 32. Rb1 Nc5 33. Rb6
Kf7 34. Ke2 Nb3 {#d} 1/2-1/2

[Event "MH Spring Tourny"]
[Site "Mountain Home, ID"]
[Date "2012.04.28"]
[Round "4.3"]
[White "Roland, Jeffrey T"]
[Black "Mihalic, Max"]
[Result "1-0"]
[WhiteElo "1692"]
[BlackElo "1000"]

1. e4 Nf6 2. e5 Nd5 3. c4 e6 4. cxd5 exd5 5. d4 g6 6. Nf3 c6 7. Nc3 f6 8. Qe2
f5 9. Bg5 Be7 10. Bf6 Rf8 11. Bg7 Rf7 12. Bh6 d6 13. O-O-O f4 14. exd6 Qxd6
15. Ng5 Qf6 16. Nxf7 Qxf7 17. Bg5 Bf5 18. Bxe7 Kd7 19. Re1 b5 20. g4 Be6 21.
Bc5 f3 22. Qe5 Ke8 23. Qd6 Nd7 24. Rxe6+ Qxe6 25. Qxe6+ Kd8 26. Qg8+ Nf8 27.
Qxf8+ {#r} 1-0

[Event "W.R. Spring Simul"]
[Site "Hailey, ID"]
[Date "2012.05.02"]
[Round "4"]
[White "Roland, Jeffrey T"]
[Black "Whitlock, Jake"]
[Result "1-0"]
[WhiteElo "1706"]
[BlackElo "346"]

1. e4 c5 2. Nf3 e6 3. d4 d5 4. exd5 exd5 5. Bb5+ Bd7 6. Qe2+ Be7 7. dxc5 Qa5+
8. Nc3 Bxb5 9. Qxb5+ Qxb5 10. Nxb5 Bd8 11. Nd6+ Kd7 12. Nxf7 Nc6 13. Nxh8 Nb4
14. O-O b6 15. Be3 Nxc2 16. c6+ Ke8 17. Rac1 Nxe3 18. fxe3 Bc7 19. Nd4 Nf6 20.
Ne6 Rc8 21. Nxg7+ Ke7 22. Nf5+ Ke6 23. Nd4+ Ke7 24. Rf3 Rf8 25. Rcf1 Rxh8 26.
Rxf6 {And a few more moves were done, but not recorded.} {#r} 1-0

[Event "Meridian Invitational"]
[Site "Meridian, ID"]
[Date "2012.06.23"]
[Round "2.2"]
[White "Puderbaugh, Kory"]
[Black "Roland, Jeffrey T"]
[Result "1-0"]
[WhiteElo "1232"]
[BlackElo "1706"]

1. e4 e5 2. Nf3 Nc6 3. Bc4 Bc5 4. O-O Nf6 5. d3 O-O 6. Nbd2 a6 7. Bb3 d6 8. c3
Bg4 9. a4 Ne7 10. Re1 Ng6 11. Nf1 Nh4 12. Bg5 Nxf3+ 13. gxf3 Bh3 14. f4 h6 15.
fxe5 Bxf2+ 16. Kxf2 Ng4+ 17. Qxg4 Bxg4 18. Bxd8 Raxd8 19. exd6 Rxd6 20. Re3
Rf6+ 21. Kg1 Be6 22. Bxe6 fxe6 23. Ng3 g5 24. Rf1 Rf4 25. Re2 h5 26. Rxf4 gxf4
27. Nxh5 f3 28. Rf2 Kh7 29. e5 Rf5 30. Nf6+ Kg6 31. d4 Kg5 32. Kf1 Kf4 33. Ke1
Ke3 34. Ng4+ Ke4 35. Kd2 Rh5 36. Nf6+ Kf4 37. Nxh5+ {#r} 1-0

[Event "Meridian Invitational"]
[Site "Meridian, ID"]
[Date "2012.06.23"]
[Round "3"]
[White "Niro III, Frank A"]
[Black "Roland, Jeffrey T"]
[Result "0-1"]
[WhiteElo "1700"]
[BlackElo "1706"]

{(Notes by Jeff Roland)} 1. e4 e5 2. Nf3 Nc6 3. Bb5 a6 4. Bxc6 {(Frank played
the Exchange Variation against me in the WCCC First Saturday Quads played in
West Chester, Pennsylvania on October 1, 2011! In that game, Frank played
beautifully and won a very pretty and artistic game. In the present game, I
knew that Frank was a connoisseur of this variation and that he has played it
frequently for over 40 years. I was not likely going to catch him make any
opening mistakes, not even in Game/30!)} dxc6 5. Nc3 f6 6. d4 exd4 7. Qxd4
Qxd4 8. Nxd4 Bd7 {(This is where the game deviates from our previous
encounter. There I played 8...Bd6.)} 9. Be3 O-O-O 10. f3 Ne7 11. Kf2 {(Frank
jokingly called this the "Niro Variation". He said he's won about 23 out of
the last 25 games with it! So I knew the challenge was on!)} g6 12. Rad1 Bg7
13. f4 {(This is logical. When Black castles Q-side, White can often win an
endgame where the K-side pawn majority takes advantage of the fact that the
Black K is too far away.)} Rhe8 14. Rhe1 Bg4 {(Black is a little bit cramped
and this move is played to give him some breathing space. However, it is only
a temporary situation, and soon the Bishop is chased back to c8).} 15. Rd2 Kb8
{(I felt that this was needed because I did not want to have to move my Bishop
to d7 when all that would have been accomplished is a strengthening of White's
position and no gain for Black after he doubled on the d-file. I needed to be
able to exchange on the d-file, so needed to be able to tuck my Bishop in to
c8.)} 16. h3 Bc8 17. Red1 c5 18. Nde2 Rxd2 19. Rxd2 b6 20. Nd5 Nc6 {(Well, at
this point, I felt pretty good because my position seemed pretty solid and
well defended and my pieces were poised for counter-attack, even though no
solid outpost presented itself to me. But I still felt that White was slightly
better at this point due to his nice development and well placed Knight on d5.
I couldn't help but think that in an ending, White still has a plus on the
K-side. How can Black get into White's position? I could not yet see how!)}
21. Nec3 f5 22. e5 Be6 23. Kf3 g5 {(Finally I saw a way to make some progress!
The central pawns are blockaded and there is a chance to break in on the
K-side.)} 24. g3 g4+ $1 25. hxg4 fxg4+ 26. Kg2 {(If 26.Ke4, I thought 26...Rf8
and lots of threats based on ...Bf5+! Certainly this position is encouraging
for Black who has until now not seen any chances to create any threats. Now my
mood became stimulated and encouraged, and I felt that now I did have some
counter-play! And white's Q-side pawns are becoming potential targets thanks
to my united Bishops. But reality check...Frank is "in his element" in the
Exchange Ruy Lopez, and he does still have the K-side pawn majority, a
strength that is ever present in my mind and almost always a permanent endgame
advantage! The Black pawn at g4 is nice, however, because it does kind of keep
White's K at bay. And it will be hard for White to ever push f5 given how d4
is so solidly held by Black so White will likely never have a Knight there!)}
Kb7 27. Ne4 Rd8 28. Ndf6 {(This is an important move and decision in the game.
The whole character of the game from here on rides on this move. Black has
weaknesses in his K-side pawns and with Black's K way over on b7, White might
very well have a hey-day over there! And White has some weakness in his Q-side
pawns, or at least that's that it "looks" like. There could be some poison in
those pawns, but pawns are pawns too! After the coming exchange of rooks, the
resulting minor piece ending is critical. The "fine point" is that after Black
puts his Knight on d4 (which happens next move), then f3 is a great outpost
for it! And for the first time in the game, Black will have something that is
in White's territory. Plus, if I put my Bishop on d5 instead of taking the a2
pawn, then there are tactical threats involving the pin of the e4 knight.)}
Rxd2+ 29. Bxd2 Nd4 $1 {(For the first time in the game, Black's knight gets to
a good square!)} 30. c3 Nf3 31. Nxh7 $2 {(I thought at the time that 31.Be3
was absolutely required in light of my threat of ...Bd5 followed by ...Nxd2.
But this was Game/30. Frank told me after the game that he was only looking at
what I could do on the Q-side.)} Bd5 $1 {(Black is now simply winning a
piece.) } 32. Nhg5 Nxd2 {#R} 0-1

[Event "Meridian Invitational"]
[Site "Meridian, ID"]
[Date "2012.06.23"]
[Round "4.1"]
[White "Roland, Jeffrey T"]
[Black "Kircher, Caleb Paul"]
[Result "0-1"]
[WhiteElo "1706"]
[BlackElo "1789"]

1. e4 d5 2. exd5 Nf6 3. d4 Nxd5 4. c4 Nb6 5. Nc3 e5 6. d5 c6 7. Be3 Bb4 8. Bd3
cxd5 9. Bxb6 Qxb6 10. cxd5 O-O 11. Nge2 Bd6 12. Qc2 f5 13. O-O Bd7 14. Qb3
Qxb3 15. axb3 a6 16. Na4 Bxa4 17. Rxa4 Nd7 18. Rh4 Nc5 19. Bc2 g6 20. f4 e4
21. Nd4 Nd3 22. Ne6 Rfc8 23. Bxd3 exd3 24. Rd1 Rc2 25. Rxd3 Rac8 26. Rd1 Rxb2
27. Rh3 Rcc2 28. Rg3 b5 29. h3 Kf7 30. Ng5+ Kg7 31. Ne6+ Kf6 {#R} 0-1